000 00480nam a2200193Ia 4500
003 OSt
005 20220607144833.0
008 210210b2005 xxu||||| |||| 00| 0 eng d
040 _cAL
082 _a657.42 RAMC
100 _aRAMAN (B S)
_940919
245 _aCost and management accounting II
260 _aMangalore
_bUnited publishers
_c2005
300 _a640
650 _aBCom II Year
_940920
690 _aCost Accounting
_940921
906 _a060501
942 _2ddc
_cBK
999 _c107419
_d107419